Dessinez toutes les frontières régionales françaises - Statistiques

Statistiques générales
  • Ce quiz a été pris 832 fois
  • Le résultat moyen est 21 sur 23
Réponses sur la Carte
Les réponses sont colorées sur une échelle allant du rouge au vert en fonction du pourcentage des utilisateurs qui les ont devinées à leur premier essai. Vous pouvez retrouver ces pourcentages ci-dessous.
 
Statistiques - réponses
Réponse % Correct
Bretagne - Normandie
96%
Île-de-France - Normandie
93%
Grand Est - Île-de-France
92%
Bretagne - Pays de la Loire
91%
Centre-Val de Loire - Île-de-France
91%
Grand Est - Hauts-de-France
91%
Hauts-de-France - Île-de-France
91%
Hauts-de-France - Normandie
91%
Nouvelle Aquitaine - Occitanie
91%
Provence-Alpes-Côte d'Azur - Auvergne-Rhône-Alpes
91%
Provence-Alpes-Côte d'Azur - Occitanie
91%
Bourgogne-Franche-Comté - Grand Est
90%
Centre-Val de Loire - Normandie
89%
Centre-Val de Loire - Nouvelle Aquitaine
89%
Centre-Val de Loire - Pays de la Loire
89%
Normandie - Pays de la Loire
89%
Auvergne-Rhône-Alpes - Bourgogne-Franche-Comté
88%
Auvergne-Rhône-Alpes - Centre-Val de Loire
88%
Auvergne-Rhône-Alpes - Nouvelle Aquitaine
88%
Auvergne-Rhône-Alpes - Occitanie
88%
Bourgogne-Franche-Comté - Centre-Val de Loire
88%
Bourgogne-Franche-Comté - Île-de-France
88%
Nouvelle Aquitaine - Pays de la Loire
88%
Aucun quiz correspondant
Distribution des résultats
% des personnes avec chaque résultat
Percentile par nombre de réponses
Votre historique - résultats
Vous n’avez pas pris ce quiz